Catálogo

Vista normal Vista MARC

Entrada Personal Name

Número de registros utilizados en: 1

001 - CONTROL NUMBER

  • control field: 17413

003 - CONTROL NUMBER IDENTIFIER

  • control field: DLC

005 - DATE AND TIME OF LATEST TRANSACTION

  • control field: 20250829085030.0

008 - FIXED-LENGTH DATA ELEMENTS

  • fixed length control field: 970306n| azannaabn |a aaa c

010 ## - LIBRARY OF CONGRESS CONTROL NUMBER

  • LC control number: no 97014249

035 ## - SYSTEM CONTROL NUMBER

  • System control number: (OCoLC)oca04286830

040 ## - CATALOGING SOURCE

  • Original cataloging agency: DJBF
  • Language of cataloging: spa
  • Description conventions: rda
  • Transcribing agency: Mx-PuUPA
  • Modifying agency: NcU
  • Modifying agency: Mx-PuUPA

046 ## - SPECIAL CODED DATES

  • Birth date: 18921114
  • Death date: 19640526

100 1# - HEADING--PERSONAL NAME

  • Personal name: Libby, C. Earl,
  • Fuller form of name: (Clarence Earl),
  • Dates associated with a name: 1892-1964

370 ## - ASSOCIATED PLACE

  • Associated country: U.S.

372 ## - FIELD OF ACTIVITY

  • Field of activity: Pulpa
  • Field of activity: Fabricación de papel
  • Source of term: lcsh

373 ## - ASSOCIATED GROUP

  • Associated group: Colegio Estatal de Carolina del Norte
  • Source of term: naf

374 ## - OCCUPATION

  • Occupation: Autor

375 ## - GENDER

  • Gender: hombre

377 ## - ASSOCIATED LANGUAGE

  • Language code: eng

378 ## - FULLER FORM OF PERSONAL NAME

  • Fuller form of personal name: Clarence Earl

400 1# - SEE FROM TRACING--PERSONAL NAME

  • Control subfield: nne
  • Personal name: Libby, Clarence Earl
  • Dates associated with a name: 1892-1964

670 ## - SOURCE DATA FOUND

  • Source citation: Pulp and paper science ... 1962:
  • Information found: t.p. (C. Earl Libby)

670 ## - SOURCE DATA FOUND

  • Source citation: OCLC, Mar. 6, 1997
  • Information found: (hdg.: Libby, Clarence Earl; Libby, C. Earl; usage: Clarence E. Libby, C. Earl Libby)

670 ## - SOURCE DATA FOUND

  • Source citation: The news & observer, May 27, 1964
  • Information found: (Clarence Earl Libby; d. May 26, 1964, Pompano Beach, Fla., at age 71; professor emeritus of pulp and paper technology at North Carolina State)

670 ## - SOURCE DATA FOUND

  • Source citation: SSDI, May 9, 2013
  • Information found: (Clarence Libby; b. Nov. 14, 1892, d. May 1964)